000 00733nam a22002417a 4500
999 _c4245
_d4245
003 URS
005 20220117120231.0
008 190620b ||||| |||| 00| 0 eng d
020 _a9789712352522
040 _erda
_cURS
_beng
050 _aKPM 1750
_b.L459 2009
100 _aLazo, Ricardo S.
245 _aPhilippine governance and the 1987 constitution /
_cRicardo S. Lazo.
250 _a2009 edition. --
264 1 _aManila :
_bRex Book Store,
_c2009.
300 _axxviii, 500 pages :
_c26 cm
336 _atext
_btxt
_2rdacontent
337 _aunmediated
_bn
_2rdamedia
338 _avolume
_bnc
_2rdacarrier
504 _aIncludes bibliographical references and index.
650 _aPhilippine governance.
942 _2lcc
_cF